Техническое регулирование: теория и практика

Библиографические подробности
Другие авторы: Версан В. Г. (редактор)
Примечания:В монографии рассмотрены и обобщены наиболее важные вопросы технического регулирования. Использованы разработки авторов, выполненные по тематике, закрепленной за Федеральным агентством по техническому регулированию и метрологии (Ростехрегулирование). Условно можно выделить четыре комплекса вопросов, рассмотренных в монографии. Первый посвящен описанию роли и места технического регулирования в общей системе регулирования современного рынка, а также теоретических положений и практики технического регулирования в обязательной и в добровольной сферах. Во втором изложены принципиальные моменты Федерального закона «О техническом регулировании». Приведены основные сведения о разработке технических регламентов, описана система национальной стандартизации, рассмотрены важные аспекты подтверждения соответствия требованиям технических регламентов и деятельности в этой сфере в переходный период. В третьем рассмотрены актуальные проблемы, касающиеся оценки риска причинения вреда при применении продукции как основного критерия для принятия решений о разработке технических регламентов и введения обязательного подтверждения соответствия. В четвертом приведен опыт ведущих стран в области технического регулирования. Для специалистов, занятых в реальном секторе экономики, в области оценки соответствия, работников центральных и региональных органов управления. Может быть полезна преподавателям вузов, студентам и аспирантам, изучающим дисциплины "Стандартизация и управление качеством", «Товароведение» и др.
Язык:русский
Опубликовано: Москва, Экономика, 2006
Предметы:
Формат: Книга
Запись в KOHA:https://koha.lib.tpu.ru/cgi-bin/koha/opac-detail.pl?biblionumber=107729

MARC

LEADER 00000nam0a2200000 4500
001 107729
005 20231101214743.0
010 |a 5282025590 
035 |a (RuTPU)RU\TPU\book\116295 
090 |a 107729 
100 |a 20061228d2006 k y0rusy50 ca 
101 0 |a rus 
102 |a RU 
105 |a a z 001zy 
200 1 |a Техническое регулирование: теория и практика  |f под ред. В. Г. Версана 
210 |a Москва  |c Экономика  |d 2006 
215 |a 308 с.  |c ил. 
320 |a Библиогр.: с. 299-308. 
330 |a В монографии рассмотрены и обобщены наиболее важные вопросы технического регулирования. Использованы разработки авторов, выполненные по тематике, закрепленной за Федеральным агентством по техническому регулированию и метрологии (Ростехрегулирование). Условно можно выделить четыре комплекса вопросов, рассмотренных в монографии. Первый посвящен описанию роли и места технического регулирования в общей системе регулирования современного рынка, а также теоретических положений и практики технического регулирования в обязательной и в добровольной сферах. Во втором изложены принципиальные моменты Федерального закона «О техническом регулировании». Приведены основные сведения о разработке технических регламентов, описана система национальной стандартизации, рассмотрены важные аспекты подтверждения соответствия требованиям технических регламентов и деятельности в этой сфере в переходный период. В третьем рассмотрены актуальные проблемы, касающиеся оценки риска причинения вреда при применении продукции как основного критерия для принятия решений о разработке технических регламентов и введения обязательного подтверждения соответствия. В четвертом приведен опыт ведущих стран в области технического регулирования. Для специалистов, занятых в реальном секторе экономики, в области оценки соответствия, работников центральных и региональных органов управления. Может быть полезна преподавателям вузов, студентам и аспирантам, изучающим дисциплины "Стандартизация и управление качеством", «Товароведение» и др. 
606 |a Техническое регулирование  |2 stltpush  |3 (RuTPU)RU\TPU\subj\65851  |9 82202 
610 1 |a рыночная экономика 
610 1 |a обязательная сфера 
610 1 |a технические регламенты 
610 1 |a государственный контроль 
610 1 |a соответствие 
610 1 |a декларирование 
610 1 |a знаки 
610 1 |a добровольная сфера 
610 1 |a аккредитация 
610 1 |a сертификация 
610 1 |a системы менеджмента 
610 1 |a риски 
610 1 |a оценка 
610 1 |a зарубежный опыт 
610 1 |a информационное обеспечение 
675 |a 006  |v 4 
702 1 |a Версан  |b В. Г.  |4 340 
801 1 |a RU  |b 63413507  |c 20061228  |g PSBO 
801 2 |a RU  |b 63413507  |c 20190618  |g PSBO 
942 |c BK 
959 |a 116/20061226  |d 1  |e 600,00  |f ЧЗКДП:1